<?xml version="1.0" encoding="UTF-8"?>
<record
    xmlns:xsi="http://www.w3.org/2001/XMLSchema-instance"
    xsi:schemaLocation="http://www.loc.gov/MARC21/slim http://www.loc.gov/standards/marcxml/schema/MARC21slim.xsd"
    xmlns="http://www.loc.gov/MARC21/slim">

  <leader>01446nam a22002655a 4500</leader>
  <controlfield tag="003">OSt</controlfield>
  <controlfield tag="005">20160828150427.0</controlfield>
  <controlfield tag="008">160828s2010    ua     frb    000 0 ara d</controlfield>
  <datafield tag="015" ind1=" " ind2=" ">
    <subfield code="a">2009/20939</subfield>
  </datafield>
  <datafield tag="040" ind1=" " ind2=" ">
    <subfield code="a">EG-ScBUE</subfield>
    <subfield code="b">ara</subfield>
    <subfield code="c">EG-ScBUE</subfield>
  </datafield>
  <datafield tag="043" ind1=" " ind2=" ">
    <subfield code="a">f-ua---</subfield>
  </datafield>
  <datafield tag="082" ind1="0" ind2="4">
    <subfield code="a">346.6202</subfield>
    <subfield code="b">&#x645; &#x631; &#x627;</subfield>
    <subfield code="2">22</subfield>
  </datafield>
  <datafield tag="100" ind1="1" ind2=" ">
    <subfield code="a">&#x627;&#x644;&#x645;&#x631;&#x627;&#x633;&#x64A;&#x60C; &#x637;&#x627;&#x631;&#x642;</subfield>
    <subfield code="9">40939</subfield>
  </datafield>
  <datafield tag="245" ind1="1" ind2="0">
    <subfield code="a">&#x642;&#x636;&#x627;&#x621; &#x627;&#x644;&#x646;&#x642;&#x636; &#x641;&#x64A; &#x627;&#x644;&#x625;&#x64A;&#x62C;&#x627;&#x631;&#x627;&#x62A; :</subfield>
    <subfield code="b">&#x627;&#x644;&#x623;&#x62D;&#x643;&#x627;&#x645; &#x648;&#x627;&#x644;&#x642;&#x648;&#x627;&#x639;&#x62F; &#x627;&#x644;&#x635;&#x627;&#x62F;&#x631;&#x629; &#x645;&#x646; &#x645;&#x62D;&#x643;&#x645;&#x629; &#x627;&#x644;&#x646;&#x642;&#x636; &#x639;&#x646; &#x627;&#x644;&#x641;&#x62A;&#x631;&#x629; &#x645;&#x646; 1/1/2008 &#x62D;&#x62A;&#x649; 31/7/2009 /</subfield>
    <subfield code="c">&#x637;&#x627;&#x631;&#x642; &#x627;&#x644;&#x645;&#x631;&#x627;&#x633;&#x64A;.</subfield>
  </datafield>
  <datafield tag="250" ind1=" " ind2=" ">
    <subfield code="a">&#x637;. 1.</subfield>
  </datafield>
  <datafield tag="260" ind1=" " ind2=" ">
    <subfield code="a">&#x627;&#x644;&#x642;&#x627;&#x647;&#x631;&#x629; :</subfield>
    <subfield code="b">&#x62F;&#x627;&#x631; &#x627;&#x644;&#x62D;&#x642;&#x627;&#x646;&#x64A;&#x629; &#x644;&#x62E;&#x62F;&#x645;&#x627;&#x62A; &#x627;&#x644;&#x637;&#x628;&#x627;&#x639;&#x629; &#x648;&#x627;&#x644;&#x62A;&#x633;&#x648;&#x64A;&#x642; &#x648;&#x627;&#x644;&#x646;&#x634;&#x631;&#x60C;</subfield>
    <subfield code="c">2010.</subfield>
  </datafield>
  <datafield tag="300" ind1=" " ind2=" ">
    <subfield code="a">920 &#x635;. &#x61B;</subfield>
    <subfield code="c">24 &#x633;&#x645;.</subfield>
  </datafield>
  <datafield tag="505" ind1="0" ind2=" ">
    <subfield code="a"> 1- &#x627;&#x644;&#x642;&#x648;&#x627;&#x639;&#x62F; &#x627;&#x644;&#x639;&#x627;&#x645;&#x629; &#x641;&#x64A; &#x627;&#x644;&#x625;&#x64A;&#x62C;&#x627;&#x631;&#x627;&#x62A; -- 2- &#x62A;&#x634;&#x631;&#x64A;&#x639;&#x627;&#x62A; &#x625;&#x64A;&#x62C;&#x627;&#x631; &#x648;&#x628;&#x64A;&#x639; &#x627;&#x644;&#x623;&#x645;&#x627;&#x643;&#x646; -- 3- &#x623;&#x62D;&#x643;&#x627;&#x645; &#x648;&#x642;&#x648;&#x627;&#x639;&#x62F; &#x627;&#x644;&#x645;&#x631;&#x627;&#x641;&#x639;&#x627;&#x62A; &#x641;&#x64A; &#x625;&#x64A;&#x62C;&#x627;&#x631; &#x627;&#x644;&#x623;&#x645;&#x627;&#x643;&#x646; -- 4- &#x645;&#x646;&#x637;&#x648;&#x642; &#x627;&#x644;&#x623;&#x62D;&#x643;&#x627;&#x645; &#x627;&#x644;&#x62F;&#x633;&#x62A;&#x648;&#x631;&#x64A;&#x629; &#x627;&#x644;&#x62E;&#x627;&#x635;&#x629; &#x628;&#x642;&#x627;&#x646;&#x648;&#x646; &#x625;&#x64A;&#x62C;&#x627;&#x631; &#x648;&#x628;&#x64A;&#x639; &#x627;&#x644;&#x623;&#x645;&#x627;&#x643;&#x646; &#x627;&#x644;&#x635;&#x627;&#x62F;&#x631;&#x629; &#x628;&#x639;&#x62F;&#x645; &#x627;&#x644;&#x62F;&#x633;&#x62A;&#x648;&#x631;&#x64A;&#x629; &#x645;&#x646; &#x62A;&#x627;&#x631;&#x64A;&#x62E; &#x627;&#x644;&#x625;&#x646;&#x634;&#x627;&#x621; &#x648;&#x62D;&#x62A;&#x649; &#x627;&#x644;&#x622;&#x646;.</subfield>
  </datafield>
  <datafield tag="650" ind1=" " ind2="7">
    <subfield code="a">&#x627;&#x644;&#x625;&#x64A;&#x62C;&#x627;&#x631;&#x627;&#x62A;</subfield>
    <subfield code="x">&#x642;&#x648;&#x627;&#x646;&#x64A;&#x646; &#x648;&#x62A;&#x634;&#x631;&#x64A;&#x639;&#x627;&#x62A;</subfield>
    <subfield code="z">&#x645;&#x635;&#x631;.</subfield>
    <subfield code="2">BUEsh</subfield>
    <subfield code="9">40891</subfield>
  </datafield>
  <datafield tag="650" ind1=" " ind2="7">
    <subfield code="a">&#x639;&#x642;&#x648;&#x62F; &#x627;&#x644;&#x625;&#x64A;&#x62C;&#x627;&#x631;</subfield>
    <subfield code="z">&#x645;&#x635;&#x631;.</subfield>
    <subfield code="2">BUEsh</subfield>
    <subfield code="9">40893</subfield>
  </datafield>
  <datafield tag="650" ind1=" " ind2="7">
    <subfield code="a">&#x627;&#x644;&#x645;&#x627;&#x644;&#x643; &#x648;&#x627;&#x644;&#x645;&#x633;&#x62A;&#x623;&#x62C;&#x631;</subfield>
    <subfield code="z">&#x645;&#x635;&#x631;.</subfield>
    <subfield code="2">BUEsh</subfield>
    <subfield code="9">40941</subfield>
  </datafield>
  <datafield tag="651" ind1=" " ind2=" ">
    <subfield code="2">BUEsh</subfield>
  </datafield>
  <datafield tag="653" ind1=" " ind2=" ">
    <subfield code="b">LLAAWW</subfield>
    <subfield code="c">August 2016	</subfield>
  </datafield>
  <datafield tag="942" ind1=" " ind2=" ">
    <subfield code="2">ddc</subfield>
  </datafield>
  <datafield tag="999" ind1=" " ind2=" ">
    <subfield code="c">22259</subfield>
    <subfield code="d">22231</subfield>
  </datafield>
  <datafield tag="952" ind1=" " ind2=" ">
    <subfield code="0">0</subfield>
    <subfield code="1">0</subfield>
    <subfield code="2">ddc</subfield>
    <subfield code="4">0</subfield>
    <subfield code="7">0</subfield>
    <subfield code="8">dar elfekr</subfield>
    <subfield code="a">MAIN</subfield>
    <subfield code="b">MAIN</subfield>
    <subfield code="c">1ST</subfield>
    <subfield code="d">2016-08-28</subfield>
    <subfield code="e">Purchase</subfield>
    <subfield code="g">100.00</subfield>
    <subfield code="h">15886</subfield>
    <subfield code="o">346.6202 &#x645; &#x631; &#x627;</subfield>
    <subfield code="p">000033388</subfield>
    <subfield code="r">2025-07-15 00:00:00</subfield>
    <subfield code="s">2024-04-28</subfield>
    <subfield code="v">125.00</subfield>
    <subfield code="y">BB</subfield>
  </datafield>
  <datafield tag="952" ind1=" " ind2=" ">
    <subfield code="0">0</subfield>
    <subfield code="1">0</subfield>
    <subfield code="2">ddc</subfield>
    <subfield code="4">0</subfield>
    <subfield code="7">0</subfield>
    <subfield code="8">dar elfekr</subfield>
    <subfield code="a">MAIN</subfield>
    <subfield code="b">MAIN</subfield>
    <subfield code="c">1ST</subfield>
    <subfield code="d">2016-08-28</subfield>
    <subfield code="e">Purchase</subfield>
    <subfield code="g">100.00</subfield>
    <subfield code="h">15886</subfield>
    <subfield code="o">346.6202 &#x645; &#x631; &#x627;</subfield>
    <subfield code="p">000033389</subfield>
    <subfield code="r">2025-07-15 00:00:00</subfield>
    <subfield code="s">2024-04-28</subfield>
    <subfield code="v">125.00</subfield>
    <subfield code="y">BB</subfield>
  </datafield>
</record>
